000 00550nam a2200169Ia 4500
003 0
005 20260212141359.0
008 200302s9999 xx 000 0 und d
020 _a9780128179093
050 _aRS 199.5
_b.B311 2019
245 _cedited by Rakesh K. Tekade.
_aBasic fundamentals of drug delivery /
260 _aUnited Kingdom:
_bElsevier
_c2019
300 _axvii, 792 pages :
_billustrations (black and white, and colour) ;
_c24 cm.
500 _aIncludes references and index.
650 _aDrug delivery systems.
942 _2lcc
_cBK
999 _c363041
_d363041